00343nam a2200145Ia 4500008004100000041000800041082001900049100002100068245002200089250000800111260001800119300000800137365001600145700003600161230718s9999 xx 000 0 und d aeng a658.834'2bSCH aSchisffman L. G. aConsumer Behavior a7th c2000bPearson a496 cRs.b295.00 aSchisffman L. G. & Kanuk L. L.